Statistiken für Symbole in der Gaming-Welt

Klicken Sie hier um das Quiz zu spielen!

Allgemein

  • Dieses Quiz wurde 1.887 mal gespielt
  • Das Durchschnittsergebnis liegt bei 11 aus 15

Antwortstatistiken

Antwort% Korrekt
Super Mario
98%
XBOX
98%
PlayStation
97%
Steam
97%
Pac-Man
94%
Rockstar Games
91%
Overwatch
81%
Ubisoft
80%
Electronic Arts
75%
The Legend of Zelda
70%
Assassins Creed
69%
Super Smash Bros.
56%
Atari
53%
Half-Life
46%
Kingdom Hearts
38%

Verteilung der Resultate

Perzentil nach korrekt beantworteten Fragen

Anzahl Personen mit jedem Resultat

Ihre Resultats-Entwicklung

Sie haben dieses Quiz noch nicht gespielt